000 01243cam a22003257a 4500
003 CHAP
005 20220329133933.0
008 971013s1993 r 00010 d
010 _a12937
011 _a13909
035 _a17982
040 _cCHAP
082 _a312.0972
_bM48 1990 Col. v.3
110 _aInstituto Nacional de Estadística, Geografía e Informática. México
_959304
245 0 _aCenso general de población y vivienda (11o.) 1990 : Colima, Manzanillo
260 _aAguascalientes, Ags. :
_bINEGI,
_c1993-
300 _av.
_b: gráfs.
500 _aLa biblioteca tiene : Pte. 1 Perfil sociodemográfico
590 _aBATCH-UPD
_b10
_c20130110
_lUCH01
_h2123
590 _aBATCH-UPD
_b10
_c20130410
_lUCH01
_h1432
590 _aBATCH-UPD
_b10
_c20130914
_lUCH01
_h1822
590 _aCONVERSION
_b10
_c20130109
_lUCH01
_h1308
650 1 4 _aMéxico
_xCensos (1990)
_976661
650 1 4 _aPoblación
_xEstadísticas
_zColima.
_989377
650 1 4 _aVivienda
_xColima.
_9120127
901 _aBK
942 _cLIBRO
949 _a312.0972 M48 1990 Col. v.3
_bBC
_cINEGI
_d33724000614954
_eINEGI
_fPte. 1
_gI.c/e
_h86879
_i17982
_si
949 _a312.0972 M48 1990 Col. v.3
_bBC
_cINEGI
_d33724000614962
_eINEGI
_fPte. 1 c.2
_gI.c/e
_h86880
_i17982
_si
999 _c12937
_d12937